Review of Planning Practice Guidance (Record no. 114808)
[ view plain ]
| 000 -LEADER | |
|---|---|
| fixed length control field | 01090cad a22001935a 4500 |
| 001 - CONTROL NUMBER | |
| control field | L157507 |
| 008 - FIXED-LENGTH DATA ELEMENTS--GENERAL INFORMATION | |
| fixed length control field | 130107s2012 xxk f 000 0 eng d |
| 035 ## - SYSTEM CONTROL NUMBER | |
| System control number | (Sirsi) u157507 |
| 041 0# - LANGUAGE CODE | |
| Language code of text/sound track or separate title | eng |
| 110 2# - MAIN ENTRY--CORPORATE NAME | |
| Corporate name or jurisdiction name as entry element | United Kingdom |
| Subordinate unit | Department for Communities and Local Government |
| 9 (RLIN) | 4939 |
| 245 00 - TITLE STATEMENT | |
| Title | Review of Planning Practice Guidance |
| Remainder of title | Consultation |
| Medium | [electronic resource] |
| 260 ## - PUBLICATION, DISTRIBUTION, ETC. | |
| Place of publication, distribution, etc. | London |
| Name of publisher, distributor, etc. | DCLG |
| Date of publication, distribution, etc. | 2012 |
| 520 ## - SUMMARY, ETC. | |
| Summary, etc. | Consultation to consider the recommendations of an external review of planning practice guidance. The review group was led by Lord Taylor and found that existing guidance is unwieldy in its current form and recommends that it becomes shorter but retains key elements and is more accessible to everyone using the planning system. The consultation ends on 15 February 2013. |
| 590 ## - LOCAL NOTE (RLIN) | |
| Local note | KA |
| 651 #4 - SUBJECT ADDED ENTRY--GEOGRAPHIC NAME | |
| Geographic name | United Kingdom |
| 690 ## - LOCAL SUBJECT ADDED ENTRY--TOPICAL TERM (OCLC, RLIN) | |
| Topical term or geographic name as entry element | Planning and development |
| 9 (RLIN) | 6259 |
| 856 40 - ELECTRONIC LOCATION AND ACCESS | |
| Uniform Resource Identifier | <a href="https://www.gov.uk/government/uploads/system/uploads/attachment_data/file/40458/review_of_planning_guidance_consultation.pdf">https://www.gov.uk/government/uploads/system/uploads/attachment_data/file/40458/review_of_planning_guidance_consultation.pdf</a> |
| Public note | view the consultation free of charge at: www.gov.uk |
| 942 ## - ADDED ENTRY ELEMENTS (KOHA) | |
| Suppress in OPAC | 0 |
| Withdrawn status | Lost status | Source of classification or shelving scheme | Damaged status | Not for loan | Home library | Current library | Shelving location | Date acquired | Total Checkouts | Full call number | Barcode | Date last seen | Copy number | Price effective from | Koha item type |
|---|---|---|---|---|---|---|---|---|---|---|---|---|---|---|---|
| Dewey Decimal Classification | Virtual | Virtual | Online | 07/01/2013 | ONLINE PUBLICATION | 157507-2001 | 06/08/2019 | 1 | 06/08/2019 | Book |